00429pab a2200157 454500008004000000100002100040245006700061260000900128300001200137362001200149650001500161650001500176700002300191700001900214773003800233180718b2004 xxu||||| |||| 00| 0 eng d aSen, Dilip Kumar aManagerial accountants: their role in the changing environment c2004 ap.3-16. aOct-Mar aManagement aAccounting aBala, Swapan Kumar aJain, Sugan C. aJournal of Accounting and Finance